| 000 | 00494nam a2200145Ia 4500 | ||
|---|---|---|---|
| 008 | 211109s9999||||xx |||||||||||||| ||und|| | ||
| 082 |
_a422.03 _bONI-O |
||
| 100 | _aOnions, C T | ||
| 245 | 0 | _aOxford Dictionary of English Etymology | |
| 260 |
_bOXFORD & IBH PUBLISHING CO. _aNew Delhi _c1966 |
||
| 300 | _a1024p | ||
| 630 | _xPOST GRADUATE REFERENCE | ||
| 650 |
_aEnglish language--Etymology _vOnions, C. T. (Charles Talbut), 1873-1965Language and languages--Etymology _xEnglish |
||
| 942 | _cBOOK | ||
| 999 |
_c36037 _d36037 |
||